[Event "Reykjavik op"]
[Site "Reykjavik"]
[Date "1982.??.??"]
[Round "?"]
[White "Erlingsson, Jonas P"]
[Black "Thorsteins, Karl"]
[Result "1-0"]
[WhiteElo "2225"]
[BlackElo "2305"]

1.Nf3 c5 2.c4 Nf6 3.Nc3 e6 4.d4 cxd4 5.Nxd4 Bb4 6.Nb5 O-O 7.a3 Bxc3+ 8.Nxc3 d5
9.Bg5 h6 10.Bxf6 Qxf6 11.e3 Nc6 12.Bd3 Rd8 13.cxd5 exd5 14.O-O Be6 15.Qe2 Rac8
16.Rfd1 Ne5 17.f3 d4 18.exd4 Rxd4 19.Be4 Rcd8 20.Rxd4 Rxd4 21.Rd1 Bc4 22.Qe3 Rxd1+
23.Nxd1 b6 24.Qc3 Qd6 25.Ne3 Be6 26.a4 g6 27.Kf2 f5 28.Bc2 f4 29.Nf1 Bc4
30.g3 Qc5+ 31.Kg2 Bxf1+ 32.Kxf1 Qxc3 33.bxc3 Nxf3 34.gxf4 Kg7 35.h3 Kf6 36.Kf2 Nh4
37.Ke3 Ng2+ 38.Ke4 g5 39.fxg5+ Kxg5 40.Bb3 Nf4 41.h4+ Kg4 42.Bd1+ Kg3 43.h5 Ne6
44.Kf5 Nc5 45.Kg6 Ne4 46.c4 Nc3 47.Bb3 Ne4 48.Kxh6 Kf4 49.Kg6 Ng5 50.h6 Ne6
51.c5 Nxc5 52.h7 Nxb3 53.h8=Q Ke4 54.Qa8+ Kd4 55.Qxa7 Kc5 56.Qc7+  1-0

[Event "Reykjavik op"]
[Site "Reykjavik"]
[Date "1982.??.??"]
[Round "?"]
[White "Alburt, Lev O"]
[Black "Arnason, Jon L"]
[Result "1-0"]
[WhiteElo "2550"]
[BlackElo "2445"]

1.Nf3 c5 2.c4 Nf6 3.Nc3 d5 4.cxd5 Nxd5 5.d4 Nxc3 6.bxc3 g6 7.e4 Bg7 8.Bb5+ Nc6
9.O-O cxd4 10.cxd4 O-O 11.Be3 Bg4 12.Bxc6 bxc6 13.Rc1 Qd7 14.h3 Bxf3 15.Qxf3 Rfd8
16.e5 Qe6 17.Qe2 Rac8 18.Qa6 Rc7 19.Rc5 f6 20.f4 Rd5 21.Rc3 Qd7 22.Rfc1 fxe5
23.fxe5 Rxd4 24.Bxd4 Qxd4+ 25.Kh1 Qxe5 26.Rxc6 Rxc6 27.Qxc6 Kf7 28.Qc4+ Kf8
29.Qa6 Qd4 30.Qc8+ Kf7 31.Qc4+ Qxc4 32.Rxc4 Bh6 33.Rh4 Kg7 34.Re4 Kf6 35.Kg1 Bd2
36.Kf2 Ba5 37.Rf4+ Kg7 38.Kf3 e5 39.Rc4 Bb6 40.Ke4 Bd4 41.Rc7+ Kg8 42.g4 h6
43.a4 a5 44.Rd7 Kh8 45.Rd5 Bc3 46.Rc5 Bb4 47.Rc8+ Kg7 48.Kxe5 h5 49.g5 Kf7
50.Rc7+ Be7 51.Rxe7+ Kxe7 52.h4  1-0

[Event "Reykjavik op"]
[Site "Reykjavik"]
[Date "1982.??.??"]
[Round "?"]
[White "Olafsson, Helgi"]
[Black "Kindermann, Stefan"]
[Result "1-0"]
[WhiteElo "2430"]
[BlackElo "2410"]

1.Nf3 Nf6 2.c4 c5 3.Nc3 e6 4.g3 b6 5.Bg2 Bb7 6.O-O Be7 7.d4 cxd4 8.Qxd4 d6
9.Rd1 a6 10.b3 Nbd7 11.e4 Qc7 12.Ba3 Nc5 13.e5 dxe5 14.Qxe5 Qc8 15.Na4 Nfd7
16.Qxg7 Bf6 17.Qh6 Bxa1 18.Nxc5 Nxc5 19.Rxa1 Qc7 20.Rd1 Rd8 21.Re1 Kd7 22.Bb2 Bxf3
23.Bxf3 Rhg8 24.Be5 Qa7 25.Bf6 Rde8 26.b4 Na4 27.Qxh7 Ref8 28.Qe4  1-0

[Event "Reykjavik op"]
[Site "Reykjavik"]
[Date "1982.??.??"]
[Round "?"]
[White "Olafsson, Helgi"]
[Black "Kuligowski, Adam"]
[Result "1-0"]
[WhiteElo "2430"]
[BlackElo "2465"]

1.c4 Nf6 2.Nc3 c5 3.Nf3 d5 4.cxd5 Nxd5 5.d4 Nxc3 6.bxc3 g6 7.e3 Bg7 8.Bb5+ Nd7
9.a4 a6 10.Bd3 b6 11.e4 Bb7 12.Rb1 e6 13.O-O O-O 14.Bf4 Re8 15.e5 h6 16.Qe2 Bc6
17.Bxa6 Bxa4 18.Bb7 Ra5 19.Be4 Nb8 20.Qe3 Kh7 21.Nd2 Bc6 22.Nc4 cxd4 23.cxd4 Bxe4
24.Qxe4 Rd5 25.Be3 Nd7 26.Nd6 Rf8 27.Rfc1 f5 28.Qf4 g5 29.Qf3 Bxe5 30.dxe5 Nxe5
31.Qe2 Qxd6 32.Rxb6 Qd7 33.f4 Nf7 34.fxg5 hxg5 35.Bxg5 Re5 36.Be3 Rc8 37.Rd1 Rd5
38.Rf1 Rc6 39.Rb4 Kg8 40.Qh5 Rd3 41.Qg6+ Kf8 42.Rb8+ Rc8 43.Bc5+  1-0

[Event "Reykjavik op"]
[Site "Reykjavik"]
[Date "1982.??.??"]
[Round "?"]
[White "Solmundarson, Magnus"]
[Black "Thorsteins, Karl"]
[Result "1/2-1/2"]
[WhiteElo "2380"]
[BlackElo "2305"]

1.c4 c5 2.Nf3 Nf6 3.Nc3 e6 4.g3 Nc6 5.Bg2 d5 6.cxd5 Nxd5 7.O-O Be7 8.Nxd5 exd5
9.d4 O-O 10.dxc5 Bxc5 11.a3 Bf5 12.b4 Bb6 13.Bb2 Be4 14.Nd4 Qe7 15.Nxc6 bxc6
16.Rc1 Rac8 17.Bxe4 Qxe4 18.Qc2 Qe6 19.e3 Rfe8 20.Qd3 h5 21.Rfd1 h4 22.a4 Qg4
23.Bd4 Bxd4 24.exd4 g6 25.Re1 Kg7 26.Re3 hxg3 27.fxg3 Qg5 28.Rce1 Rxe3 29.Qxe3 Qxe3+
30.Rxe3 Rb8 31.Rb3 a5 32.b5 cxb5 33.axb5 a4 34.Rb4 a3 35.Ra4 Rxb5 36.Rxa3 Rb4
37.Rd3 Rb1+ 38.Kg2 Rb2+ 39.Kf3 Rxh2 40.Ra3 Kf6 41.Ra6+ Kg5 42.Rd6 Rd2 43.Rxd5+ f5
44.g4 Rd3+ 45.Ke2 Ra3 46.gxf5 gxf5 47.Rd8 Kf4 48.d5 Ke4 49.d6 Re3+ 50.Kd2 Rd3+
51.Ke2 Re3+  1/2-1/2

[Event "Reykjavik op"]
[Site "Reykjavik"]
[Date "1982.??.??"]
[Round "?"]
[White "Frey, Kenneth"]
[Black "Gruenberg, Rainer"]
[Result "1/2-1/2"]
[WhiteElo "2480"]
[BlackElo "2310"]

1.Nf3 Nf6 2.c4 c5 3.Nc3 d5 4.cxd5 Nxd5 5.e3 Nxc3 6.bxc3 g6 7.h4 h5 8.Bc4 Bg7
9.Ng5 e6 10.Bb5+ Nd7 11.Ba3 Qc7 12.d4 O-O 13.Qb3 b6 14.Rd1 a6 15.Bc4 Nf6
16.e4 Bb7 17.O-O Nxe4 18.Nxe4 Bxe4 19.dxc5 bxc5 20.Bxe6 Qe7  1/2-1/2

[Event "Rome-B"]
[Site "Rome"]
[Date "1982.??.??"]
[Round "?"]
[White "Tassi, Oliviero"]
[Black "Passerotti, Pierluigi"]
[Result "1/2-1/2"]
[WhiteElo "2205"]
[BlackElo "2340"]

1.c4 e6 2.Nc3 c5 3.Nf3 Nf6 4.e3 d5 5.cxd5 Nxd5 6.d4 Nc6 7.Bd3 cxd4 8.exd4 Be7
9.O-O O-O 10.Re1 Ncb4 11.Bb1 Nf6 12.Ne5 Bd7 13.Re3 Bc6 14.Rh3 g6 15.Bh6 Re8
16.Bg5 Nbd5 17.Qd2 Rc8 18.Bxf6 Nxf6 19.Qf4 Bd6 20.Bd3 a6 21.Rd1 Rc7 22.Qg5 Bf8
23.Qh4 Bg7 24.Be2 Qe7 25.a3 Rd8 26.Rhd3 Nd5 27.Qg3 Nxc3 28.Rxc3 Qd6 29.h4 Bd5
30.h5 Rxc3 31.Qxc3 f6 32.Nd3 Qc6 33.Nb4 Qxc3 34.bxc3 Bf8 35.hxg6 hxg6 36.Nxd5 Rxd5
37.Bc4 Rd6 38.a4 Rc6 39.Ba2 Kg7  1/2-1/2

[Event "DDR-ch 31th"]
[Site "Salzwedel"]
[Date "1982.??.??"]
[Round "2"]
[White "Espig, Lutz"]
[Black "Boensch, Uwe"]
[Result "1/2-1/2"]
[WhiteElo "2470"]
[BlackElo "2410"]

1.Nf3 Nf6 2.c4 c5 3.Nc3 e6 4.g3 b6 5.Bg2 Bb7 6.O-O Be7 7.b3 O-O 8.e3 d6 9.Bb2 Nbd7
10.d4 a6 11.d5 e5 12.a4 Ne8 13.e4 g6 14.Ne1 Ng7 15.Nd3 f5 16.exf5 gxf5 17.Qe2 Bf6
18.f3 Rf7  1/2-1/2

[Event "DDR-ch 31th"]
[Site "Salzwedel"]
[Date "1982.??.??"]
[Round "5"]
[White "Moehring, Guenther"]
[Black "Gauglitz, Gernot"]
[Result "1-0"]
[WhiteElo "2405"]
[BlackElo "2310"]

1.Nf3 Nf6 2.c4 c5 3.Nc3 d5 4.cxd5 Nxd5 5.g3 g6 6.Qb3 Nc7 7.Ne4 Ne6 8.Neg5 Qb6
9.Nxe6 Bxe6 10.Qc3 Rg8 11.Bg2 Bg7 12.Qc2 Nc6 13.O-O Nb4 14.Qa4+ Bd7 15.Qd1 Bc6
16.d3 h6 17.Bd2 g5 18.Bc3 g4 19.Nh4 Bxg2 20.Kxg2 e6 21.Bxg7 Rxg7 22.Qd2 Rg5
23.Qc3 Ke7 24.Kg1 Nc6 25.Rfe1 Nd4 26.Rac1 Rd8 27.Qa3 Rd6 28.Rc4 Re5 29.e3 h5
30.Qc3 Nc6 31.f4 gxf3 32.Nxf3 Rf5 33.Nh4 Rf6 34.Rxc5 Qb4 35.Rxc6  1-0

[Event "Sarajevo"]
[Site "Sarajevo"]
[Date "1982.??.??"]
[Round "?"]
[White "Smejkal, Jan"]
[Black "Cekro, Ekrem"]
[Result "1-0"]
[WhiteElo "2570"]
[BlackElo "2330"]

1.c4 c5 2.Nf3 Nf6 3.Nc3 e6 4.g3 b6 5.e4 Bb7 6.d3 g6 7.Bg2 d6 8.b3 Bg7 9.Bb2 O-O
10.O-O a6 11.Nh4 Nc6 12.f4 Nd7 13.Qd2 Rb8 14.Rad1 Qe7 15.Nf3 Nd4 16.Nxd4 Bxd4+
17.Kh1 Bc6 18.Rde1 Ba8 19.Nd1 Bxb2 20.Qxb2 Rbc8 21.Ne3 Qf6 22.Qd2 Qg7 23.Rf2 Rfe8
24.g4 Re7 25.g5 Rce8 26.Ref1 Qd4 27.Re2 f5 28.gxf6 Qxf6 29.Ref2 Qh4 30.Kg1 Nf6
31.Qe2 Nh5 32.Ng4 Rf8 33.Qd1 Nf6 34.Ne3 Nh5 35.Qg4 Qxg4 36.Nxg4 Kg7 37.Ne3 Ref7
38.f5 exf5 39.exf5 Bxg2 40.Kxg2 Re7 41.Nd5 Re5 42.f6+ Kf7 43.Nc7 a5 44.Nb5 Rd8
45.d4 Rg5+ 46.Kh1 Rg4 47.Re2 Nxf6 48.Ref2 cxd4 49.Rxf6+  1-0

[Event "Sarajevo"]
[Site "Sarajevo"]
[Date "1982.??.??"]
[Round "?"]
[White "Uhlmann, Wolfgang"]
[Black "Adorjan, Andras"]
[Result "1/2-1/2"]
[WhiteElo "2515"]
[BlackElo "2515"]

1.c4 c5 2.Nf3 Nf6 3.Nc3 b6 4.e4 Bb7 5.e5 Ng4 6.h3 Nh6 7.Bd3 Bxf3 8.Qxf3 Nc6
9.e6 g6 10.exf7+ Nxf7  1/2-1/2

[Event "Sarajevo"]
[Site "Sarajevo"]
[Date "1982.??.??"]
[Round "?"]
[White "Bistric, Faruk"]
[Black "Dizdarevic, Emir"]
[Result "0-1"]
[WhiteElo "2400"]
[BlackElo "2415"]

1.Nf3 c5 2.c4 Nf6 3.Nc3 b6 4.g3 Bb7 5.Bg2 g6 6.O-O Bg7 7.d4 Ne4 8.Nd5 Nc6
9.Qd3 f5 10.Ng5 e6 11.Nxe4 fxe4 12.Qxe4 Na5 13.dxc5 O-O 14.Bd2 Rc8 15.b4 exd5
16.cxd5 Bxa1 17.Rxa1 Qf6 18.Rf1 Ba6 19.bxa5 Rce8 20.Qb4 Bxe2 21.Bc3 bxc5
22.Qxc5 d6 23.Qb4 Qf5 24.Qd4 Re5 25.Re1 Bf3 26.Rxe5 dxe5 27.Qd2 Bxg2 28.Kxg2 Qe4+
29.Kg1 Rb8 30.f4 Rb1+ 31.Kf2 Rh1  0-1

[Event "Sochi"]
[Site "Sochi"]
[Date "1982.??.??"]
[Round "13"]
[White "Romanishin, Oleg M"]
[Black "Averkin, Orest N"]
[Result "1-0"]
[WhiteElo "2585"]
[BlackElo "2450"]

1.Nf3 Nf6 2.c4 c5 3.Nc3 e6 4.g3 b6 5.e4 Bb7 6.d3 d6 7.Bg2 g6 8.O-O Bg7 9.Re1 O-O
10.d4 cxd4 11.Nxd4 a6 12.Bg5 Qc7 13.Qd2 Nbd7 14.h3 Rac8 15.Rad1 Qb8 16.Nc2 Rxc4
17.Qxd6 Qa8 18.Ne3 Rxc3 19.bxc3 Bxe4 20.h4 h6 21.Bxf6 Nxf6 22.c4 Bxg2 23.Nxg2 b5
24.Qd3 bxc4 25.Qxc4 Rc8 26.Qd3 Nd5 27.Qf3 Qa7 28.Nf4 Rc3 29.Rd3 Rxd3 30.Nxd3 Nc3
31.a3 Nb5 32.Rb1 Qd4 33.Qa8+ Kh7 34.Qf3 e5 35.h5 e4 36.Qxf7 Qxd3 37.hxg6+  1-0

[Event "BUL-ch"]
[Site "Sofia"]
[Date "1982.??.??"]
[Round "4"]
[White "Spassov, Liuben"]
[Black "Stefanov, Krasimir"]
[Result "1/2-1/2"]
[WhiteElo "2450"]
[BlackElo "2300"]

1.Nf3 c5 2.c4 Nf6 3.Nc3 b6 4.g3 Bb7 5.Bg2 e6 6.O-O Be7 7.d4 cxd4 8.Qxd4 d6
9.Bg5 a6 10.Bxf6 Bxf6 11.Qf4 Qc7 12.Rfd1 Be7 13.Ng5 O-O 14.Bxb7 Qxb7 15.Nge4 b5
16.Nxd6 Bxd6 17.Rxd6 bxc4 18.Qxc4 Qxb2 19.Rb1 Qa3 20.Qc7 a5 21.Rbb6 Qc1+
22.Rd1 Qc2 23.Rd8 Nd7 24.Rxa8 Rxa8 25.Rb7 Rf8 26.Qxa5 Nf6 27.Qb4 Nd5 28.Nxd5 Qd1+
29.Kg2 Qxd5+ 30.e4 Qe5 31.Rb5 Qc7 32.a4 f5 33.Rc5 Qa7 34.Qc4 fxe4 35.Qxe6+ Kh8
36.Rf5 Rd8 37.Qxe4 h6 38.Re5 Rf8 39.f3 Qd7 40.Re7 Qd2+ 41.Qe2 Qd8 42.Re5 Qd7
43.a5 Ra8 44.Re7 Qa4 45.Qe5 Qc2+ 46.Kh3 Qg6 47.f4 Ra6 48.f5 Qg5 49.Qe4 Rxa5
50.Re8+ Kh7 51.f6+ Qf5+ 52.Qxf5+ Rxf5 53.fxg7 Kxg7 54.Kg4 Ra5 55.Re6 Rb5
56.h4 Rb4+  1/2-1/2

[Event "BUL-ch"]
[Site "Sofia"]
[Date "1982.??.??"]
[Round "8"]
[White "Toshkov, Tihomir"]
[Black "Donchev, Dimitar I"]
[Result "1-0"]
[WhiteElo "2370"]
[BlackElo "2430"]

1.Nf3 Nf6 2.c4 c5 3.Nc3 e6 4.g3 b6 5.e4 Bb7 6.Qe2 Nc6 7.Bg2 d6 8.O-O a6 9.b3 Be7
10.Bb2 O-O 11.Rad1 b5 12.d4 cxd4 13.Nxd4 Qb6 14.Nxc6 Qxc6 15.Rfe1 Rfe8 16.cxb5 axb5
17.a3 Rab8 18.Qxb5 Qxb5 19.Nxb5 Nxe4 20.b4 Nxf2 21.Kxf2 Bxg2 22.Nxd6 Bxd6
23.Kxg2 Be7 24.Rd7 Kf8 25.Rc1 Rbd8 26.Rcc7 Rxd7 27.Rxd7 f6 28.Rd3 Rb8 29.Rb3 Ke8
30.Kf3 Kd7 31.Ke4 Kc6 32.Rc3+ Kb7 33.Kd3 h5 34.Rc4 Rd8+ 35.Rd4 Rxd4+ 36.Bxd4 Bd6
37.Ke4 h4 38.gxh4 Bxh2 39.h5 e5 40.Bc5 Bf4 41.Kd5 Bc1 42.b5 Bb2 43.Ke4 Bc1
44.a4 Bd2 45.Bf8  1-0

[Event "Tilburg"]
[Site "Tilburg"]
[Date "1982.??.??"]
[Round "?"]
[White "Huebner, Robert"]
[Black "Browne, Walter S"]
[Result "1-0"]
[WhiteElo "2630"]
[BlackElo "2590"]

1.Nf3 c5 2.c4 Nf6 3.Nc3 e6 4.g3 b6 5.Bg2 Bb7 6.O-O Be7 7.d4 cxd4 8.Qxd4 d6
9.b3 Nbd7 10.Bb2 a6 11.Rfd1 O-O 12.h3 Qc7 13.Qe3 Rfc8 14.Nd4 Bxg2 15.Kxg2 Ne5
16.Kg1 Nc6 17.Rac1 Qb7 18.Nxc6 Rxc6 19.a4 Ne8 20.Ba3 Rac8 21.Rd3 R6c7 22.Rcd1 Qb8
23.Qd2 Bf8 24.Bb2 h6 25.h4 Nf6 26.Qf4 Qb7 27.Rf3 h5 28.Rfd3 Rc5 29.f3 R5c7
30.Kg2 Qa8 31.Qg5 Rc5 32.Qd2 R5c6 33.Ba3 Ne8 34.Qe3 g6 35.Qd2 Qb8 36.Qf4 Qa8
37.Ne4 e5 38.Qe3 Qb8 39.Nc3 Nf6 40.Nd5 Nxd5 41.Rxd5 Re8 42.Qd3 Re6 43.e4 Be7
44.Kf2 Qf8 45.Ke2 f5 46.Bc1 fxe4 47.Qxe4 Qf5 48.Be3 Kf7 49.R5d3 Qxe4 50.fxe4 g5
51.hxg5 Kg6 52.Rf1 Bxg5 53.Rf8 Bxe3 54.Rxe3 b5 55.cxb5 axb5 56.a5 b4 57.Rd3 Rc5
58.Ra8 Rf6 59.a6 Ra5 60.Rf3 Ra2+ 61.Ke3 Rxf3+ 62.Kxf3 Kg7 63.a7 Kh7 64.Ke3 Ra3
65.Kd3 Rxb3+ 66.Kc4 Ra3 67.Kxb4 Ra1 68.Kb5 Kg7 69.Kc6 Ra2 70.Kxd6 Ra5 71.Ke6 Kh7
72.Kf6 Ra3 73.Kxe5  1-0

[Event "Bayern-ch"]
[Site "Tirschenreuth"]
[Date "1982.??.??"]
[Round "?"]
[White "Seibold, Hubert"]
[Black "Kestler, Hans Guenther"]
[Result "0-1"]
[WhiteElo "2230"]
[BlackElo "2395"]

1.Nf3 Nf6 2.c4 c5 3.Nc3 e6 4.d4 cxd4 5.Nxd4 a6 6.e4 d6 7.Be2 Be7 8.O-O O-O
9.Be3 b6 10.Rc1 Bb7 11.f3 Nbd7 12.Qd2 Rc8 13.Rfd1 Re8 14.Bf1 Bf8 15.b3 Qc7
16.Qf2 Qb8 17.g4 Ne5 18.g5 Nfd7 19.Qg3 Ng6 20.f4 e5 21.fxe5 dxe5 22.Nf5 Nc5
23.Qg4 Nf4 24.Nd5 Bxd5 25.exd5 g6 26.Ng3 a5 27.h4 Bd6 28.Rc2 e4 29.Ne2 Nfd3
30.Bh3 Ne5 31.Qg2 Nf3+ 32.Kh1 Rc7 33.Nd4 Nxh4 34.Qg4 Nf3 35.Nxf3 exf3 36.Qxf3 Rce7
37.Rf1 Qc7 38.Bd4 Re4 39.Qf6 Be5 40.Bxe5 R4xe5 41.d6 Qb7+ 42.Rg2 Ne4 43.Qf3 Nxd6
44.Qxb7 Nxb7 45.Rf6 Nc5 46.Rxb6 Nd3 47.Rb5 Nf4 48.Rxe5 Rxe5 49.Rg3 Re1+ 50.Kh2 Re2+
51.Kh1 Rxa2 52.Bd7 Rd2 53.Bg4 Nd3 54.Rg2 Rxg2 55.Kxg2 Nc5 56.Bd1 f6 57.gxf6 Kf7
58.Kf3 Kxf6 59.Ke3 Ke5 60.Bc2 Ne6 61.Be4 Nd4 62.c5 Nxb3 63.c6 Kd6  0-1

[Event "Varna"]
[Site "Varna"]
[Date "1982.??.??"]
[Round "9"]
[White "Gruenberg, Hans Ulrich"]
[Black "Stefanov, Parik"]
[Result "1-0"]
[WhiteElo "2450"]
[BlackElo "2350"]

1.Nf3 Nf6 2.c4 e6 3.Nc3 c5 4.g3 b6 5.Bg2 Bb7 6.O-O Be7 7.d4 cxd4 8.Qxd4 d6
9.Rd1 a6 10.b3 Nbd7 11.e4 Qc7 12.Ba3 Nc5 13.e5 dxe5 14.Qxe5 Qc8 15.Qf4 O-O
16.Na4 Bxf3 17.Bxf3 Rb8 18.Nxc5 bxc5 19.Rd3 Rd8 20.Rad1 Rxd3 21.Rxd3 h6 22.h4 Rb6
23.Bb2 Ne8 24.Be5 f6 25.Bc3 Rd6 26.Qe4 Rxd3 27.Qxd3 Bd6 28.Bh5 Be7 29.Qg6 Nd6
30.Bd2 Nf5 31.Qf7+ Kh8 32.Bg4 Bd6 33.Bxf5 exf5 34.Bxh6 Bf8 35.Bf4 Qd8 36.Qh5+ Kg8
37.Qxf5 Qa5 38.Qe6+ Kh7 39.Kg2 Qxa2 40.Qf7 Qxb3 41.Qxf8 Qxc4 42.Qa8 Qe6 43.Qb7 c4
44.h5 Kg8 45.h6 gxh6 46.Bxh6 Qg4 47.Qd5+ Kh7 48.Bf4 c3  1-0

[Event "DEN-ch"]
[Site "Vejle"]
[Date "1982.??.??"]
[Round "5"]
[White "Berg, Klaus"]
[Black "Fries Nielsen, Jens Ove"]
[Result "1-0"]
[WhiteElo "2295"]
[BlackElo "2355"]

1.c4 e6 2.Nc3 c5 3.Nf3 Nf6 4.e3 Be7 5.d4 O-O 6.Bd3 d5 7.O-O Nc6 8.a3 a6 9.dxc5 Bxc5
10.b4 Ba7 11.Bb2 Qe7 12.Qe2 dxc4 13.Bxc4 Bd7 14.e4 Ng4 15.e5 Bb8 16.Nd1 f6
17.exf6 gxf6 18.Ne3 Nxe3 19.Qxe3 Kh8 20.Rad1 e5 21.Nh4 Ba7 22.Ng6+ hxg6 23.Qh6+ Qh7
24.Qxh7+ Kxh7 25.Rxd7+ Kh6 26.Rxb7 Bd4 27.Bc1+ g5 28.h4 Nd8 29.Rd7 a5 30.hxg5+ fxg5
31.Rd6+ Kg7 32.Bxg5 Nf7 33.Rd7 axb4 34.axb4 Ra7 35.Rxa7 Bxa7 36.Be3 Nd6 37.Bxa7 Nxc4
38.Rc1 Na3 39.Rc5 Ra8 40.Rxe5 Rxa7 41.Ra5 Rxa5 42.bxa5 Kf6 43.Kh2 Ke5 44.a6 Nb5
45.g4 Kd6 46.g5 Nc7 47.a7  1-0

[Event "JUG-ch"]
[Site "Vrbas"]
[Date "1982.??.??"]
[Round "?"]
[White "Rukavina, Josip"]
[Black "Barlov, Dragan"]
[Result "1-0"]
[WhiteElo "2450"]
[BlackElo "2405"]

1.c4 Nf6 2.Nc3 c5 3.Nf3 g6 4.d4 cxd4 5.Nxd4 Bg7 6.e4 d6 7.Be2 O-O 8.O-O Nc6
9.Be3 Bd7 10.Rc1 Nxd4 11.Bxd4 Bc6 12.Qd3 Nd7 13.Bxg7 Kxg7 14.b4 Kg8 15.Qe3 b6
16.a3 a5 17.Nd5 Ra7 18.Rfd1 Re8 19.h4 axb4 20.axb4 e6 21.Nc3 d5 22.exd5 exd5
23.Qd4 dxc4 24.Bxc4 Rf8 25.Nb5  1-0

[Event "Hoogovens-B"]
[Site "Wijk aan Zee"]
[Date "1982.??.??"]
[Round "7"]
[White "Vlam, Horatio"]
[Black "Iskov, Gert"]
[Result "0-1"]
[WhiteElo "2270"]
[BlackElo "2380"]

1.c4 Nf6 2.Nc3 c5 3.Nf3 g6 4.d4 cxd4 5.Nxd4 Nc6 6.e4 Bg7 7.Be3 O-O 8.Be2 b6
9.O-O Bb7 10.f3 d6 11.Rc1 Nd7 12.Nxc6 Bxc6 13.Qd2 a6 14.Nd5 a5 15.Rfd1 Nc5
16.Bh6 Bxh6 17.Qxh6 e5 18.Rc3 Ra7 19.f4 Nxe4 20.Rh3 f5 21.fxe5 dxe5 22.Bf3 Ng5
23.Rg3 Nxf3+ 24.gxf3 Rd7 25.Kh1 Rff7 26.Rxg6+ hxg6 27.Qxg6+ Kh8 28.Qxc6 Rd6
29.Qa4 Rg7 30.Qc2 Qg5 31.Qf2 Rdg6 32.f4 Qh5 33.Re1 e4 34.Ne3 Rg3 35.Nxf5 Rg2
36.Qh4 Qxh4 37.Nxh4 Rxb2 38.f5 Rg4 39.Ng6+ Kg7 40.h3 Rg3 41.Rxe4 Rxh3+ 42.Kg1 Rc3
43.Rf4 Rc1+ 44.Rf1 Rxf1+  0-1

[Event "Yerevan zt"]
[Site "Yerevan"]
[Date "1982.??.??"]
[Round "6"]
[White "Zaitsev, Igor A"]
[Black "Dolmatov, Sergey"]
[Result "1/2-1/2"]
[WhiteElo "2465"]
[BlackElo "2590"]

1.c4 Nf6 2.Nc3 c5 3.Nf3 b6 4.g3 Bb7 5.Bg2 e6 6.O-O Be7 7.d4 cxd4 8.Qxd4 d6
9.b3 O-O 10.Bb2 a6 11.Rfd1 Qc7 12.e4 Nbd7 13.Qe3 Rac8 14.Nd4 Rfe8 15.h3 Bf8
16.Re1 Qb8 17.Rad1 h6 18.Qd2 Nc5 19.Re3 Qa8 20.Rde1 Red8 21.Qe2 g6 22.Na4 Nxa4
23.bxa4 Nd7 24.f4 Bg7 25.Bf1 Nc5 26.a5 bxa5 27.f5 Re8 28.fxg6 fxg6 29.e5 dxe5
30.Nb3 Qa7 31.Kh2 e4 32.Nxc5 Rxc5 33.Bg2 Rf5 34.Bxg7 Kxg7 35.Rb1 Bc6 36.Qb2+ Kh7
37.Qb6 Qd7 38.Rb2 Ref8 39.Ree2 Ba8 40.Rbd2 Qg7 41.Bxe4  1/2-1/2

[Event "Yerevan"]
[Site "Yerevan"]
[Date "1982.??.??"]
[Round "11"]
[White "Robatsch, Karl"]
[Black "Farago, Ivan"]
[Result "1/2-1/2"]
[WhiteElo "2415"]
[BlackElo "2485"]

1.Nf3 Nf6 2.c4 c5 3.Nc3 d5 4.cxd5 Nxd5 5.g3 Nc6 6.Bg2 Nc7 7.b3 g6 8.Ba3 b6
9.e3 Bg7 10.d4 cxd4 11.Nxd4 Nxd4 12.Bxa8 Bg4 13.Qxg4 Qxa8 14.O-O-O f5 15.Qh4 Bf6
16.Qxf6 Nxb3+ 17.axb3 exf6 18.e4 Nb5 19.Nxb5 Qc6+ 20.Kb2 Qxb5 21.Rhe1 Kf7
22.Rd5 Qe8 23.e5 fxe5 24.Rexe5 Qc8 25.Re7+ Kf6 26.Rdd7 Re8 27.Rf7+ Kg5 28.Rc7 Qd8
29.Be7+ Rxe7 30.Rfxe7 Qd4+ 31.Kb1 Qd3+ 32.Kb2  1/2-1/2

[Event "Yerevan"]
[Site "Yerevan"]
[Date "1982.??.??"]
[Round "14"]
[White "Espig, Lutz"]
[Black "Sturua, Zurab"]
[Result "1-0"]
[WhiteElo "2470"]
[BlackElo "2440"]

1.Nf3 c5 2.c4 Nf6 3.Nc3 e6 4.g3 b6 5.Bg2 Bb7 6.O-O Be7 7.b3 O-O 8.e3 Nc6
9.Bb2 d5 10.cxd5 exd5 11.d4 Rc8 12.Ne5 cxd4 13.exd4 Re8 14.Rc1 Bb4 15.Bh3 Rb8
16.Nb5 Nxe5 17.dxe5 Ba6 18.exf6 Bxb5 19.Qg4 Bf8 20.fxg7 Bc5 21.Rfe1 Rxe1+
22.Rxe1 d4 23.Qf4 Rb7 24.Bf5 Re7 25.Re4 Rxe4 26.Bxe4 Qe8 27.b4 Bxb4 28.Bxd4  1-0

[Event "DDR-BUL"]
[Site "Zinnowitz"]
[Date "1982.??.??"]
[Round "1"]
[White "Uhlmann, Wolfgang"]
[Black "Tringov, Georgi P"]
[Result "1-0"]
[WhiteElo "2510"]
[BlackElo "2460"]

1.c4 Nf6 2.Nc3 c5 3.Nf3 e6 4.g3 b6 5.Bg2 Bb7 6.d4 cxd4 7.Qxd4 Be7 8.O-O d6
9.e4 a6 10.Qe3 Nbd7 11.Nd4 Qb8 12.b3 O-O 13.Bb2 Re8 14.Rfe1 Qa7 15.h3 Rad8
16.g4 g6 17.Nde2 Nc5 18.Ng3 e5 19.Nd5 Nxd5 20.exd5 a5 21.f4 Bh4 22.g5 Bc8
23.Rf1 Bxg3 24.Qxg3 Nd7 25.f5 Nc5 26.f6 h5 27.gxh6 Kh7 28.Bc1 Rg8 29.Be3 Bf5
30.Kh2 Rc8 31.Qh4 Qd7 32.Rac1 Qd8 33.Rc3 Nd7 34.Bd2 Nc5 35.Rg3 Qd7 36.Be3 Bd3
37.Rf2 Bb1 38.a3 Bf5 39.Rg5 Bd3  1-0

[Event "DDR-BUL"]
[Site "Zinnowitz"]
[Date "1982.??.??"]
[Round "4"]
[White "Espig, Lutz"]
[Black "Popov, Luben"]
[Result "1/2-1/2"]
[WhiteElo "2425"]
[BlackElo "2435"]

1.Nf3 Nf6 2.c4 c5 3.Nc3 g6 4.e4 d6 5.d4 Bg7 6.Be2 cxd4 7.Nxd4 Nc6 8.Be3 O-O
9.O-O Bd7 10.Nc2 Qa5 11.f3 Rfc8 12.Rc1 Be6 13.Qd2 Nd7 14.b4 Qd8 15.Nd5 a5
16.b5 Nce5 17.Nd4 Bxd5 18.cxd5 Nc5 19.Rc3 a4 20.Qc2 Ned7 21.f4 Nf6 22.Bf3 Ncxe4
23.Rxc8 Rxc8 24.Nc6 bxc6 25.dxc6 Nc5 26.Bxc5 dxc5 27.Qxa4 Nd5 28.Bxd5 Qxd5
29.Rd1 Bd4+ 30.Kh1 Qe6 31.h3 Qe2 32.Rb1 Qe4 33.Rf1 Qd3 34.Rd1 Qe2 35.Rb1 Qe4
36.Rf1 Qd3 37.Rd1 Qe2  1/2-1/2

[Event "Valby SK"]
[Site "Valby"]
[Date "1983.05.14"]
[Round "3"]
[White "Cramling, Pia"]
[Black "Brinck Claussen, Bjorn"]
[Result "1-0"]
[WhiteElo "2355"]
[BlackElo "2380"]

1.Nf3 Nf6 2.c4 c5 3.Nc3 d5 4.cxd5 Nxd5 5.d4 Nxc3 6.bxc3 g6 7.e3 Bg7 8.Be2 O-O
9.O-O Nc6 10.Rb1 Rb8 11.d5 Na5 12.c4 Bf5 13.Bd3 Bxd3 14.Qxd3 Qd7 15.e4 e5
16.Bd2 Qa4 17.Bxa5 Qxa5 18.d6 Rfd8 19.Rfd1 Rd7 20.Rb5 Qxa2 21.Rxc5 Rbd8 22.Rd5 b6
23.Qc3 Qa4 24.h4 f6 25.Ra1 Qc6 26.c5 Kh8 27.Ra6 Bf8 28.Qa1 Qb7 29.Nd2 bxc5
30.Nc4 Qb5 31.Qa2 Qb4 32.Kh2 h5 33.Rc6 Qb5 34.Rdxc5 Qb4 35.Rc7 Qb8 36.R5c6 Qb4
37.Rxd7 Rxd7 38.Qa6 Qb8 39.Rc8  1-0

[Event "Valby SK"]
[Site "Valby"]
[Date "1983.05.20"]
[Round "7"]
[White "Clausen, Steen"]
[Black "Horvath, Tamas"]
[Result "0-1"]
[WhiteElo "2200"]
[BlackElo "2410"]

1.c4 Nf6 2.Nc3 c5 3.Nf3 e6 4.g3 b6 5.Bg2 Bb7 6.O-O Be7 7.b3 d6 8.d4 cxd4
9.Qxd4 O-O 10.Rd1 Nbd7 11.Ne1 Bxg2 12.Nxg2 a6 13.Bb2 Qb8 14.e4 Qb7 15.Qe3 b5
16.cxb5 axb5 17.Re1 Rfc8 18.Nf4 Ne5 19.h3 Nfd7 20.Qe2 Rab8 21.Nd3 Nxd3 22.Qxd3 Nc5
23.Qe2 b4 24.Nd1 Ra8 25.Bd4 Nd7 26.Nb2 e5 27.Be3 Qxe4 28.Qb5 Nf6 29.Bg5 Qf5
30.Bxf6 Bxf6 31.Nc4 Rcb8 32.Qd5 Qxh3 33.Qxd6 h5 34.Nb6 Rd8 35.Qxb4 Rab8 36.Re4 Qe6  0-1

[Event "BRA-ch 50th"]
[Site "Sao Paulo"]
[Date "1983.05.??"]
[Round "17"]
[White "Camara, Helder"]
[Black "Paolozzi, Marcos"]
[Result "0-1"]
[WhiteElo "2330"]
[BlackElo "2375"]

1.Nf3 Nf6 2.c4 c5 3.Nc3 d5 4.cxd5 Nxd5 5.g3 Nc6 6.Bg2 Nc7 7.O-O g6 8.d3 Bg7
9.Na4 b6 10.Be3 O-O 11.Rc1 Bb7 12.Qd2 e5 13.Bh6 Re8 14.Bxg7 Kxg7 15.b3 Qd7
16.Rfe1 Rad8 17.Rc4 Nd4 18.Nxd4 Bxg2 19.Nf5+ Qxf5 20.Kxg2 e4 21.Qb2+ Kg8
22.dxe4 Rxe4 23.Rc2 Ne6 24.Nc3 Ng5 25.Rcc1 Qh3+ 26.Kg1 Red4 27.Rcd1 Qe6 28.Kg2 Rxd1
29.Nxd1 Qe4+  0-1

[Event "Mexico m"]
[Site "Mexico"]
[Date "1983.08.24"]
[Round "4"]
[White "Frey, Kenneth"]
[Black "Sisniega, Marcel"]
[Result "0-1"]
[WhiteElo "2480"]
[BlackElo "2485"]

1.Nf3 Nf6 2.c4 c5 3.Nc3 b6 4.d4 cxd4 5.Nxd4 Bb7 6.f3 d6 7.e4 e6 8.Be3 Be7
9.Be2 O-O 10.O-O Nbd7 11.Qd2 a6 12.Rfd1 Re8 13.Bf1 Rc8 14.Rac1 Qc7 15.Qf2 Qb8
16.Nb3 Ba8 17.Rc2 Ne5 18.Bxb6 Neg4 19.fxg4 Nxg4 20.Qg3 Qxb6+ 21.c5 dxc5 22.Qxg4 c4+
23.Nd4 e5 24.Na4 Qa7 25.Bxc4 Kh8 26.Bxf7 Rxc2 27.Bxe8 exd4 28.Rd3 Qc7 29.Bf7 Rc1+
30.Kf2 Qc2+ 31.Qe2 Qxa4 32.Bb3 Qb5 33.a4 Qe5  0-1

[Event "Mexico m"]
[Site "Mexico"]
[Date "1983.08.30"]
[Round "6"]
[White "Frey, Kenneth"]
[Black "Sisniega, Marcel"]
[Result "0-1"]
[WhiteElo "2480"]
[BlackElo "2485"]

1.Nf3 Nf6 2.c4 c5 3.Nc3 b6 4.e3 g6 5.d4 Bg7 6.Be2 O-O 7.O-O Bb7 8.b3 d6 9.Bb2 e6
10.Rc1 Qe7 11.Qc2 Nc6 12.Rfd1 Rfd8 13.Qb1 cxd4 14.exd4 Bh6 15.d5 Bxc1 16.dxc6 Bxb2
17.cxb7 Bxc3 18.bxa8=Q Rxa8 19.Qc1 Be5 20.Qg5 Bb2 21.Rb1 Ba3 22.Nd4 Rc8 23.Bf3 Kg7
24.b4 Rxc4 25.Nc6 Qc7 26.Qe3 d5 27.b5 Bc5 28.Qb3 Qf4 29.g3 Qd2 30.Rf1 Rc2  0-1

[Event "Aarhus"]
[Site "Aarhus"]
[Date "1983.??.??"]
[Round "2"]
[White "Keene, Raymond D"]
[Black "Helmers, Knut J"]
[Result "1/2-1/2"]
[WhiteElo "2490"]
[BlackElo "2465"]

1.Nf3 Nf6 2.c4 c5 3.Nc3 e6 4.e3 Nc6 5.d4 d5 6.cxd5 exd5 7.Bb5 Bd6 8.dxc5 Bxc5
9.O-O O-O 10.b3 Re8 11.Bb2 Bg4 12.Rc1 Bd6 13.Na4 Rc8 14.h3 Bh5 15.Bxf6 Qxf6
16.Qxd5 Bxf3  1/2-1/2